Degrassi Actors by Fame Level - Statistics

General Stats
  • This quiz has been taken 47 times
    28 since last reset
  • The average score is 26 of 95
Answer Stats
Hint Answer % Correct
1 Aubrey Graham
100%
2 Nina Dobrev
92%
7 Cassie Steele
83%
19 Miriam McDonald
83%
45 Shane Kippel
58%
3 Shenae Grimes
58%
13 Stacey Farber
58%
36 Aislinn Paul
50%
50 Charlotte Arnold
50%
79 Jamie Johnston
50%
17 Lauren Collins
50%
10 Luke Bilyk
50%
57 Melinda Shankar
50%
4 Raymond Ablack
50%
91 Daniel Clark
42%
35 Jajube Mandiela
42%
9 Jake Epstein
42%
68 Jake Goldsbie
42%
63 Mike Lobel
42%
37 Munro Chambers
42%
61 Olivia Scriven
42%
82 Ryan Cooley
42%
47 Sam Earle
42%
85 Sarah Barrable-Tishauer
42%
83 Adamo Ruggiero
33%
64 Alex Steele
33%
30 Christina Schmidt
33%
43 Christine Prosperi
33%
65 Jordan Todosey
33%
94 Melissa McIntyre
33%
26 Ricardo Hoyos
33%
22 Scott Paterson
33%
41 AJ Saudin
25%
56 Alicia Josipovic
25%
44 Amanda Arcuri
25%
95 Amanda Stepto
25%
20 Andrea Lewis
25%
51 Annie Clark
25%
87 Argiris Karras
25%
59 Chloe Rose
25%
8 Dalmar Abuzeid
25%
53 Daniel Kelly
25%
67 Demetrius Joyette
25%
69 Jahmil French
25%
92 Jessica Tyler
25%
27 Jordan Hudyma
25%
93 Judy Jiao
25%
74 Natty Zavitz
25%
28 Paula Brancati
25%
52 Samantha Munro
25%
11 Sarah Fisher
25%
6 Spencer MacPherson
25%
29 Stefan Brogen
25%
15 Ana Golja
17%
18 Andre Kim
17%
40 Craig Arnold
17%
39 Dan Woods
17%
14 Dylan Everett
17%
32 Ephraim Ellis
17%
35 Eric Osborne
17%
73 Jamie Bloch
17%
46 Justin Kelly
17%
31 Landon Liboiron
17%
23 Marc Donato
17%
25 Niamh Wilson
17%
62 Reiya Downs
17%
5 Sara Waisglass
17%
78 Spencer Van Wyck
17%
42 Amir Bageria
8%
12 Chelsea Clark
8%
54 Cory Lee
8%
77 Dalia Yegavian
8%
70 Daniel Morrison
8%
86 Dante Scott
8%
90 Deanna Casaluce
8%
21 Devyn Nekoda
8%
72 Ehren Kassam
8%
34 Evan Williams
8%
60 Jacob Neayem
8%
76 John Bregar
8%
58 Kevin Jubinville
8%
80 Liam Green
8%
71 Lyle Lettau
8%
24 Mazin Elsadig
8%
48 Melissa DiMarco
8%
88 Nikki Gould
8%
75 Parham Rownaghi
8%
49 Pat Mastroianni
8%
38 Richard Walters
8%
55 Shanice Banton
8%
16 Shannon Kook-Chun
8%
66 Soma Bhatia
8%
89 Stacie Mistysyn
8%
81 Steve Belford
8%
33 Rachael Crawford
0%
No matching quizzes found
Score Distribution
Percent of People with Each Score
Percentile by Number Answered
Your Score History
You have not taken this quiz since the last reset